000 00576nam a2200217 a 4500
005 20230602063711.0
008 991125s1992 mx 000 0 spa u
020 _a9686382593
035 _aUPN01000045731
049 _aI
050 4 _aPQ7298.36 A7
_bP6.7
100 1 _aZárate, Verónica
245 1 3 _aEl postillón /
_cVerónica Zárate
260 _aMéxico :
_bInstituto Mora,
_c1992
300 _a46 p. :
_bil
440 3 _aEl tiempo vuela
650 4 _aNovela mexicana
_94557
902 _aEMO ESTELA MURATALLA OCHOA
904 _aAC
_b045733
905 _aInfantil
999 _c45731
_d45731